Statistics for "F" Synonyms

Click here to take the quiz!

General Stats

  • This quiz has been taken 105 times
  • The average score is 13 of 20

Answer Stats

WordF Synonym% Correct
ChubbyFat
94%
BuddyFriend
94%
QuickFast
93%
UntrueFalse
91%
IcyFrigid / Frosty / Frozen / Freezing
87%
EnemyFoe
77%
LiquidFluid
76%
StuffedFull
75%
AngryFurious
74%
RageFury / Frenzy
67%
DeadlyFatal
64%
ProhibitForbid
64%
ImitationFake
61%
PardonForgive
57%
WeakFrail / Feeble
57%
PreviousFormer
41%
CandidFrank
41%
ImpartialFair
38%
UnusedFresh
34%
PortionFraction
21%

Score Distribution

Percentile by Number Answered

Percent of People with Each Score

Your Score History

You have not taken this quiz